| 000 | 00680cab a2200229 4500 | ||
|---|---|---|---|
| 001 | WB3124-04 | ||
| 008 | 090401t1995 xxu||||| |||| 00| 0 eng d | ||
| 035 | _a(Sirsi) u9208 | ||
| 041 | _aeng | ||
| 245 | _aRedraft of homebuyer`s report | ||
| 260 | _c1995 | ||
| 350 | _a0 | ||
| 490 |
_aObserver _v18 June 1995, 18(1) |
||
| 520 | _aThe RICS home buyer's report is to be revised to eliminate some of the criticisms made by the Consumers' Association. | ||
| 650 | _aCAVEATS | ||
| 650 | _aDISCLAIMERS | ||
| 650 | _aEXCLUSION CLAUSES | ||
| 650 | _aRICS HOMEBUYER SURVEY AND VALUATION | ||
| 690 | _aBUILT ENVIRONMENT-BUILDING INSPECTION | ||
| 942 | _n0 | ||
| 948 | _c04/03/1997 | ||
| 999 |
_c5714 _d5714 |
||